A TEXTBOOK OF CLINICAL PHARMACY PRACTICE ESSENTIAL CONCEPTS AND SKILLS (Record no. 216322)

MARC details
000 -LEADER
fixed length control field 00546nam a22001697a 4500
008 - FIXED-LENGTH DATA ELEMENTS--GENERAL INFORMATION
fixed length control field 251201b |||||||| |||| 00| 0 eng d
020 ## - INTERNATIONAL STANDARD BOOK NUMBER
International Standard Book Number 978-81-7371-756-7
050 ## - LIBRARY OF CONGRESS CALL NUMBER
Classification number RS 91.T49 2012
100 ## - MAIN ENTRY--PERSONAL NAME
Personal name PARTHASARATHI G
245 ## - TITLE STATEMENT
Title A TEXTBOOK OF CLINICAL PHARMACY PRACTICE ESSENTIAL CONCEPTS AND SKILLS
260 ## - PUBLICATION, DISTRIBUTION, ETC.
Place of publication, distribution, etc. INDIA
Name of publisher, distributor, etc. UNIVERSITIES PRESS
Date of publication, distribution, etc. 2012
300 ## - PHYSICAL DESCRIPTION
Extent X,577
500 ## - GENERAL NOTE
General note INCLUDES APPENDICES, GLOSSARY AND INDEX
650 ## - SUBJECT ADDED ENTRY
Topical term or geographic name entry element Clinical pharmacy-textbooks Pharmacy practice- textbooks
942 ## - ADDED ENTRY ELEMENTS (KOHA)
Source of classification or shelving scheme Library of Congress Classification
Koha item type Long Loan Book
Holdings
Withdrawn status Lost status Source of classification or shelving scheme Damaged status Not for loan Collection Home library Current library Shelving location Date acquired Inventory number Total checkouts Full call number Barcode Date last seen Copy number Price effective from Koha item type
    Library of Congress Classification     Medicine Kisii University Library Kisii University Library On Display 12/01/2025 110229   RS 91.T49 2012 000000024490 12/01/2025 C.1 12/01/2025 Long Loan Book
    Library of Congress Classification     Medicine Kisii University Library Kisii University Library On Display 12/01/2025 110230   RS 91.T49 2012 000000024491 12/01/2025 C.2 12/01/2025 Long Loan Book
    Library of Congress Classification     Medicine Kisii University Library Kisii University Library On Display 12/01/2025 110231   RS 91.T49 2012 000000024666 12/01/2025 C.3 12/01/2025 Long Loan Book
    Library of Congress Classification     Medicine Kisii University Library Kisii University Library On Display 12/01/2025 110232   RS 91.T49 2012 000000024667 12/01/2025 C.4 12/01/2025 Long Loan Book
    Library of Congress Classification     Medicine Kisii University Library Kisii University Library On Display 12/01/2025 110233   RS 91.T49 2012 000000024668 12/01/2025 C.5 12/01/2025 Long Loan Book
    Library of Congress Classification     Medicine Kisii University Library Kisii University Library On Display 12/01/2025 110234   RS 91.T49 2012 000000024669 12/01/2025 C.6 12/01/2025 Long Loan Book
    Library of Congress Classification     Medicine Kisii University Library Kisii University Library On Display 12/01/2025 110235   RS 91.T49 2012 000000024670 12/01/2025 C.7 12/01/2025 Long Loan Book
    Library of Congress Classification     Medicine Kisii University Library Kisii University Library On Display 12/01/2025 110236   RS 91.T49 2012 000000024671 12/01/2025 C.8 12/01/2025 Long Loan Book